The Granular Trade and Production Activities (GRANTPA) Database

Gespeichert in:
Bibliographische Detailangaben
1. Verfasser: Bradley, Sebastien
Weitere Verfasser: Flórez Mendoza, Javier, Larch, Mario
Format: Buch
Sprache:Englisch
Veröffentlicht: Vienna The Vienna Institute for International Economic Studies 2024
Schlagworte:
Tags: Tag hinzufügen
Keine Tags, Fügen Sie das erste Tag hinzu!

MARC

LEADER 00000nlm a2200000 4500
001 0302680
005 20240616200837.3
041 0 |a eng 
044 |a AT 
245 1 0 |a The Granular Trade and Production Activities (GRANTPA) Database  |c Sebastien Bradley ... [et al.] 
264 1 |a Vienna  |b The Vienna Institute for International Economic Studies  |c 2024 
300 |a 34 s. 
610 2 0 |a dáta 
610 2 0 |a zber dát 
610 2 0 |a spracovanie dát 
610 2 0 |a obchod 
610 2 0 |a výroba 
100 1 |a Bradley, Sebastien 
700 1 |a Flórez Mendoza, Javier 
700 1 |a Larch, Mario